| 000 | 00494nam a2200169 a 4500 | ||
|---|---|---|---|
| 001 | 43791 | ||
| 005 | 20180714022428.0 | ||
| 008 | 140415s1968 000 0 spa d | ||
| 041 | _aspa | ||
| 082 |
_a982.032 _bMAR |
||
| 100 | 1 | _aMARTINEZ MONTERO, HOMERO | |
| 245 | 1 | 3 | _aEL APOSTADERO DE MONTEVIDEO |
| 260 |
_a[s.l.] : _bC.S.I.C., _c1968 |
||
| 300 | _a272 | ||
| 650 | 1 | 4 |
_aARGENTINA _xHISTORIA _x1776 _x1810 _xVIRREINATO DEL RIO DE LA PLATA |
| 700 | 1 |
_aGUILLEN, JULIO F. _eprĂ³l. |
|
| 999 |
_c43791 _d43791 |
||